000
00308nam a2200133Ia 4500
003
OSt
008
200926b ||||| |||| 00| 0 eng d
100
_a
PRAYAG, R.S
245
_a
Bleaching, Mercerising and Dyeing of Cotton Materials
250
_a
4th
260
_b
Mahajan
300
_a
216
942
_2
ddc
_c
BK
999
_c
3747
_d
3747